| 000 | 00963cam a2200301 a 4500 | ||
|---|---|---|---|
| 001 | 715 | ||
| 005 | 20230908140034.0 | ||
| 020 | _a9780333409404 | ||
| 040 |
_aDLC _cDLC _dDLC _beng |
||
| 050 | 0 | 0 | _aHE571.P65 |
| 082 | 0 | 0 |
_aHE571 _219 |
| 100 | 1 |
_aPollard, Michael, _d1931- |
|
| 245 | 1 | 0 |
_aTravel by water / _cMichael Pollard. |
| 260 |
_aMACMILLAN EDUCATION LID _c1986 |
||
| 300 |
_a48 pages. : _bcolor illustrations _c24 cm. |
||
| 490 | 1 | _aMoving around the world | |
| 500 | _aIncludes index. | ||
| 505 | _aM | ||
| 520 | _aA history of travel by water, including such topics as famous explorers, kinds of ships, and famous waterways. | ||
| 521 |
_a700
_bLexile estimate |
||
| 521 |
_aM
_bRaz-Plus |
||
| 650 | 0 |
_aShipping _xHistory _xJuvenile literature. |
|
| 650 | 0 |
_aShips _xHistory _xJuvenile literature. |
|
| 650 | 1 |
_aShipping _xHistory. |
|
| 650 | 1 |
_aShips _xHistory. |
|
| 906 |
_a7 _bcbc _corignew _d3 _encip _f19 _gy-gencatlg |
||
| 942 |
_2ddc _cBK _n0 |
||
| 999 |
_c715 _d715 |
||